Интегрирование. Методика решений: учебное пособие

Détails bibliographiques
Auteur principal: Казанджан Э. П. Эммиль Погосович
Autres auteurs: Холмская Г. С. Генриэтта Сергеевна
Résumé:Учебное пособие содержит методические рекомендации к решению практически всех задач, входящих в задачник тех же авторов «Интегрирование. Задачи и упражнения» (М.: Дрофа, 2010). Особенностью книги является ее инженерная направленность. Для студентов втузов, механико-математических факультетов университетов и преподавателей математического анализа.
Langue:russe
Publié: Москва, Дрофа, 2010
Collection:Высшее образование
Sujets:
Format: Livre
KOHA link:https://koha.lib.tpu.ru/cgi-bin/koha/opac-detail.pl?biblionumber=187341

MARC

LEADER 00000nam0a2200000 4500
001 187341
005 20231101224046.0
010 |a 9785358035911 
035 |a (RuTPU)RU\TPU\book\203281 
090 |a 187341 
100 |a 20101115d2010 m y0rusy50 ca 
101 0 |a rus 
102 |a RU 
105 |a y j 000zy 
200 1 |a Интегрирование. Методика решений  |e учебное пособие  |f Э. П. Казанджан, Г. С. Холмская 
210 |a Москва  |c Дрофа  |d 2010 
215 |a 176 с. 
225 1 |a Высшее образование 
330 |a Учебное пособие содержит методические рекомендации к решению практически всех задач, входящих в задачник тех же авторов «Интегрирование. Задачи и упражнения» (М.: Дрофа, 2010). Особенностью книги является ее инженерная направленность. Для студентов втузов, механико-математических факультетов университетов и преподавателей математического анализа. 
606 1 |a Интегрирование  |2 stltpush  |3 (RuTPU)RU\TPU\subj\12798  |9 39515 
610 1 |a задачи 
610 1 |a упражнения 
610 1 |a решения 
610 1 |a неопределенные интегралы 
610 1 |a определенные интегралы 
610 1 |a кратные интегралы 
610 1 |a криволинейные интегралы 
610 1 |a поверхностные интегралы 
610 1 |a учебные пособия 
675 |a 517.518.12(076)  |v 3 
700 1 |a Казанджан  |b Э. П.  |g Эммиль Погосович 
701 1 |a Холмская  |b Г. С.  |g Генриэтта Сергеевна 
801 1 |a RU  |b 63413507  |c 20101115 
801 2 |a RU  |b 63413507  |c 20150506  |g RCR 
900 |a Высшая математика 
942 |c BK 
959 |a 86/20101115  |d 2  |e 0  |f АНЛ:1  |f ЧЗТЛ:1